00748nam a2200241Ia 4500008004000000020001800040041000800058082001600066100002300082245005500105260004100160300001200201650001400213650001800227650001500245650001600260650000800276690001700284700002400301906001100325999001900336952015100355210210b2013 xxu||||| |||| 00| 0 eng d a9788126541041 aeng a615.19 WILC aWILSON (Stephen R) aCombinatorial chemistry: synthesis and application aNew DelhibJohn Wiley and Sonsc2013 aix, 269 asynthesis aCombinatorial achemistry: aapplication aand aPharmacology aCRARNIK (Anthony W) a067702 c150834d150834 001040708ChemistryaALbALcMedicald2021-02-17eIntact Bookhouse Pvt Ltdg2995.00l0o615.19 WILCp067702r2021-02-17 00:00:00w2021-02-17yBK